000 00451nam a2200145Ia 4500
008 210716s2004 xx 000 0 und d
020 _a9780761934981
041 _aeng
082 _a346.048 THOP
100 _aThomas, Pradip Ninan;Servaes, Jan.
245 _aIntellectual property rights and communications in Asia: conflicting traditions.
_bconflicting traditions.
250 _a1
260 _aNew Delhi
_bSage Publications
_c2004
300 _a262
999 _c201651
_d201651